Clinicoradiological, bacteriological, immunological and histological correlation of the diagnosis of tuberculosis of the dorsal spine and comparative evaluation of transthoracic anterior decompression and extrapleural anterolateral decompression (Record no. 876613)

MARC details
000 -LEADER
fixed length control field 01268nam a2200289Ia 4500
003 - CONTROL NUMBER IDENTIFIER
control field OSt
005 - DATE AND TIME OF LATEST TRANSACTION
control field 20220930084059.0
008 - FIXED-LENGTH DATA ELEMENTS--GENERAL INFORMATION
fixed length control field 220926b |||||||| |||| 00| 0 eng d
037 ## - SOURCE OF ACQUISITION
Terms of availability Theses
040 ## - CATALOGING SOURCE
Original cataloging agency CRL
Transcribing agency CRL
Language of cataloging eng
041 ## - LANGUAGE CODE
Source of code eng
Language code of text/sound track or separate title eng
100 ## - MAIN ENTRY--PERSONAL NAME
Personal name Jena Santosh Kumar
9 (RLIN) 536768
110 ## - MAIN ENTRY--CORPORATE NAME
Corporate name or jurisdiction name as entry element University of Delhi. Faculty of Medical Sciences. Department of Orthopaedics
9 (RLIN) 519703
245 #0 - TITLE STATEMENT
Title Clinicoradiological, bacteriological, immunological and histological correlation of the diagnosis of tuberculosis of the dorsal spine and comparative evaluation of transthoracic anterior decompression and extrapleural anterolateral decompression
260 ## - PUBLICATION, DISTRIBUTION, ETC.
Date of publication, distribution, etc. 2004
650 ## - SUBJECT ADDED ENTRY--TOPICAL TERM
Topical term or geographic name entry element ORTHOPEDICS
9 (RLIN) 519704
700 ## - ADDED ENTRY--PERSONAL NAME
Personal name Dr. Anil Kumar Jain Gu.
9 (RLIN) 536769
700 ## - ADDED ENTRY--PERSONAL NAME
Personal name Dr. Deepjyoti V. Gadre Gu.
9 (RLIN) 536263
700 ## - ADDED ENTRY--PERSONAL NAME
Personal name Dr. Geeta Dev Gu.
700 ## - ADDED ENTRY--PERSONAL NAME
Personal name Dr. M. P. Singh Gu.
9 (RLIN) 533214
700 ## - ADDED ENTRY--PERSONAL NAME
Personal name University of Delhi. Faculty of Medical Sciences. Department of Orthopaedics
9 (RLIN) 519706
942 ## - ADDED ENTRY ELEMENTS (KOHA)
Koha item type Dissertations
Source of classification or shelving scheme Colon Classification (CC)

No items available.

Copyright @ Delhi University Library System